000 00844cam a22002651 4500
001 000012146
005 20200929162720.0
008 720419s1968 mx ak 000 0 spa
010 _a68121878
025 _aLACAP68-4551
035 _a(OCoLC)288169
040 _aDO-SdBNP
_cOCU
_dOCoLC
_dDLC
042 _apremarc
050 0 0 _aHD2346.P4
_bE2
100 1 _aEbersole, Robert P.
_928706
245 1 3 _aLa artesania del sur del Peru, /
_cpor Robert P. Ebersole.
250 _a[1. ed.]
260 _aMexico,
_c1968.
300 _axi, 150 p. :
_billus., forms. ;
_c19 cm.
490 1 _aInstituto Indigenista Interamericano. Serie: Antropologia social,
_v9
650 0 _aArtisans
_zPeru.
_928707
810 2 _aInter-American Indian Institute.
_tSerie antropologia social ;
_v9.
_928708
910 _aCatalogación por copia / LC
910 _aDC
999 _c11811
_d11811